[Event "Dutch Open 2024"]
[Site "Velp, Netherlands"]
[Date "2024.07.29"]
[Round "6.1"]
[White "Leenhouts, Koen"]
[Black "De Winter, Arthur"]
[Result "0-1"]
[WhiteElo "2454"]
[BlackElo "2411"]
[PlyCount "72"]
[EventDate "2024.??.??"]

1. d4 d5 2. c4 dxc4 3. Nf3 Nf6 4. e3 e6 5. Bxc4 c5 6. O-O a6 7. Qe2 b5 8. Bd3
Nbd7 9. a4 c4 10. Bc2 Bb7 11. e4 Be7 12. Re1 O-O 13. Nbd2 Rc8 14. axb5 axb5 15.
Nf1 Nb8 16. Bg5 Nc6 17. d5 exd5 18. exd5 Nxd5 19. Qe4 g6 20. Rad1 Ncb4 21. Bxe7
Qxe7 22. Qxe7 Nxe7 23. Rxe7 Bxf3 24. gxf3 Nxc2 25. Rdd7 Rce8 26. Nd2 Rxe7 27.
Rxe7 Rd8 28. Ne4 Rd1+ 29. Kg2 Ne1+ 30. Kg3 Nd3 31. Rb7 Rg1+ 32. Kh4 h6 33. Rxb5
g5+ 34. Kh5 Kg7 35. Ng3 Nf4+ 36. Kg4 Kg6 0-1

[Event "Dutch Open 2024"]
[Site "Velp, Netherlands"]
[Date "2024.07.29"]
[Round "6.2"]
[White "Hausrath, Daniel"]
[Black "Maatman, Nick"]
[Result "1/2-1/2"]
[WhiteElo "2469"]
[BlackElo "2383"]
[PlyCount "32"]
[EventDate "2024.??.??"]

1. Nf3 Nf6 2. b3 d5 3. Bb2 Bf5 4. Nh4 Bd7 5. e3 c5 6. Nf3 Nc6 7. Be2 g6 8. c4
dxc4 9. bxc4 Bg7 10. O-O O-O 11. Qb3 a6 12. Ne5 Nxe5 13. Bxe5 Bc6 14. d4 cxd4
15. exd4 b5 16. Nc3 bxc4 1/2-1/2

[Event "Dutch Open 2024"]
[Site "Velp, Netherlands"]
[Date "2024.07.29"]
[Round "6.3"]
[White "Panjer, Sidney"]
[Black "Beerdsen, Thomas"]
[Result "0-1"]
[WhiteElo "2204"]
[BlackElo "2510"]
[PlyCount "40"]
[EventDate "2024.??.??"]

1. d4 d5 2. c4 e6 3. Nf3 a6 4. Bg5 f6 5. Bf4 dxc4 6. a4 e5 7. dxe5 Qxd1+ 8.
Kxd1 Nc6 9. e3 Be6 10. Nbd2 O-O-O 11. Kc1 g5 12. Bg3 g4 13. Nd4 Nxd4 14. exd4
Rxd4 15. Be2 h5 16. exf6 Bh6 17. Rd1 Nxf6 18. Be5 Rxd2 19. Rxd2 Rd8 20. Bxf6
Rxd2 0-1

[Event "Dutch Open 2024"]
[Site "Velp, Netherlands"]
[Date "2024.07.29"]
[Round "6.4"]
[White "De Boer, Eelke"]
[Black "Schuricht, Emil Frederick"]
[Result "1-0"]
[WhiteElo "2384"]
[BlackElo "1973"]
[PlyCount "63"]
[EventDate "2024.??.??"]

1. e4 c6 2. d4 d5 3. e5 Bf5 4. Nf3 e6 5. Be2 c5 6. c3 Nc6 7. O-O Nge7 8. dxc5
Ng6 9. b4 Ngxe5 10. Nxe5 Nxe5 11. f4 Nc6 12. g4 Bxb1 13. Rxb1 Be7 14. Kh1 O-O
15. Qc2 a5 16. a3 Qc7 17. Be3 axb4 18. axb4 Ra3 19. b5 Nb8 20. Bd3 g6 21. f5
Bxc5 22. Bh6 Qe5 23. fxg6 fxg6 24. Bxf8 Rxc3 25. Qd2 Bxf8 26. Rbe1 Qd4 27. Qe2
Kg7 28. Qxe6 Bc5 29. Rf7+ Kh6 30. Rxh7+ Kxh7 31. Qxg6+ Kh8 32. Qh7# 1-0

[Event "Dutch Open 2024"]
[Site "Velp, Netherlands"]
[Date "2024.07.29"]
[Round "6.5"]
[White "Baselmans, Luuk"]
[Black "Van Rootselaar, Rik"]
[Result "0-1"]
[WhiteElo "2345"]
[BlackElo "2152"]
[PlyCount "84"]
[EventDate "2024.??.??"]

1. e4 c5 2. Nf3 Nc6 3. Bb5 e5 4. O-O Bd6 5. d4 Nxd4 6. Bc4 h6 7. Nxd4 cxd4 8.
c3 Bc5 9. f4 d5 10. Bxd5 Nf6 11. b4 Nxd5 12. bxc5 Nxc3 13. Qf3 Qa5 14. Bd2 Qxc5
15. Kh1 exf4 16. Nxc3 dxc3 17. Rac1 O-O 18. Rxc3 Qb5 19. Bxf4 Bg4 20. Qf2 Qe2
21. Rg3 Kh7 22. Bd6 Qxf2 23. Rxf2 Rfd8 24. e5 Be6 25. Rb2 b6 26. h3 Rac8 27.
Kh2 Rc4 28. Ra3 Rdc8 29. Rg3 Rc2 30. Rxc2 Rxc2 31. a3 Bd5 32. Bf8 g6 33. Be7
Re2 34. Bf6 b5 35. Kg1 a5 36. Rd3 Rxg2+ 37. Kf1 Bc4 38. Kxg2 Bxd3 39. h4 b4 40.
axb4 axb4 41. Be7 b3 42. Ba3 g5 0-1

[Event "Dutch Open 2024"]
[Site "Velp, Netherlands"]
[Date "2024.07.29"]
[Round "6.6"]
[White "Ritzerveld, Noah"]
[Black "Slagboom, Leandro"]
[Result "1/2-1/2"]
[WhiteElo "2181"]
[BlackElo "2331"]
[PlyCount "66"]
[EventDate "2024.??.??"]

1. e4 e6 2. d4 d5 3. Nc3 Nf6 4. e5 Nfd7 5. f4 c5 6. Nf3 Nc6 7. Be3 Be7 8. Qd2
O-O 9. dxc5 Qa5 10. Nb5 Qxd2+ 11. Kxd2 Nxc5 12. Bxc5 Bxc5 13. c3 f6 14. Bd3
fxe5 15. fxe5 Bd7 16. Rhf1 h6 17. Nbd4 Be7 18. Bg6 Nxd4 19. cxd4 a5 20. Rac1
Bd8 21. Ke2 a4 22. Nd2 Bb6 23. Ke3 Bb5 24. Bd3 Rxf1 25. Rxf1 Be8 26. Rc1 Bd8
27. Nf3 g5 28. g4 Kg7 29. Rc2 Bb6 30. Rc1 Bd8 31. Rc2 Bc6 32. Ng1 Bb6 33. Rf2
Rf8 1/2-1/2

[Event "Dutch Open 2024"]
[Site "Velp, Netherlands"]
[Date "2024.07.29"]
[Round "6.7"]
[White "Shakhverdian, William"]
[Black "Hilwerda, Jonas"]
[Result "1/2-1/2"]
[WhiteElo "2157"]
[BlackElo "2257"]
[PlyCount "36"]
[EventDate "2024.??.??"]

1. d4 e6 2. Nf3 f5 3. c4 Nf6 4. g3 d5 5. Bg2 Bd6 6. Bf4 Bxf4 7. gxf4 O-O 8. Qc2
b6 9. Nbd2 Ne4 10. Rc1 c6 11. e3 Ba6 12. Ne5 Nd6 13. b3 Qe7 14. Qb2 Rc8 15. O-O
Nd7 16. Qa3 Bb7 17. Nxd7 Qxd7 18. Nf3 Nf7 1/2-1/2

[Event "Dutch Open 2024"]
[Site "Velp, Netherlands"]
[Date "2024.07.29"]
[Round "6.8"]
[White "Zwirs, Jasper"]
[Black "Grooten, Herman"]
[Result "0-1"]
[WhiteElo "2088"]
[BlackElo "2211"]
[PlyCount "84"]
[EventDate "2024.??.??"]

1. d4 Nf6 2. Nc3 d5 3. Bf4 a6 4. e3 Bf5 5. Nf3 e6 6. Ne5 h6 7. g4 Bh7 8. h4
Nfd7 9. Bd3 Bxd3 10. Qxd3 Nxe5 11. Bxe5 Nc6 12. O-O-O Qd7 13. e4 O-O-O 14. f3
f6 15. exd5 Nb4 16. Qg6 fxe5 17. dxe6 Qe8 18. Qf5 g6 19. Qxe5 Bd6 20. Qe3 Qf8
21. Kb1 Qf4 22. Qe2 Be7 23. a3 Nd5 24. Nxd5 Rxd5 25. c3 Rf8 26. Rd3 c6 27. Ka1
Rfd8 28. h5 gxh5 29. gxh5 c5 30. Rhd1 cxd4 31. cxd4 Rxd4 32. Rc3+ Kb8 33. Rdc1
Rd2 34. Qe1 Qd4 35. Qg3+ Ka7 36. Qc7 Qd6 37. Rb3 Rb8 38. Qc4 Bf6 39. Qe4 Qd4
40. Rc7 Qxe4 41. fxe4 Rd6 42. e7 Re6 0-1

[Event "Dutch Open 2024"]
[Site "Velp, Netherlands"]
[Date "2024.07.29"]
[Round "6.9"]
[White "Weidemann, Jakob"]
[Black "Bakija, Alan"]
[Result "1-0"]
[WhiteElo "2142"]
[BlackElo "2171"]
[PlyCount "105"]
[EventDate "2024.??.??"]

1. e4 d6 2. d4 Nf6 3. Nc3 e5 4. Nf3 Nbd7 5. Bc4 Be7 6. O-O O-O 7. Re1 c6 8. a4
h6 9. h3 Re8 10. Be3 exd4 11. Qxd4 Nf8 12. Rad1 Be6 13. Bf4 Bxc4 14. Qxc4 Qb6
15. Bxd6 Bxd6 16. Rxd6 Qxb2 17. Rb1 Qxc2 18. Rd2 Rxe4 19. Qxe4 Qxe4 20. Nxe4
Nxe4 21. Rc2 Nd6 22. Rd1 Ne8 23. Rcd2 Ne6 24. a5 Nf6 25. Ne5 a6 26. Nd7 Nxd7
27. Rxd7 Nc5 28. Rc7 Rb8 29. Rb1 Rd8 30. Re1 Ne6 31. Rxb7 Rd5 32. Rb6 Rxa5 33.
Rxc6 Kf8 34. Rb1 Nc5 35. Rc7 g6 36. Rb8+ Kg7 37. Ra8 Ne6 38. Re7 Ra1+ 39. Kh2
Kf6 40. Raa7 Nd8 41. Red7 Ne6 42. Rxf7+ Ke5 43. Ra8 Kd5 44. Re8 a5 45. Rf6 Nc5
46. Rxg6 a4 47. Rxh6 a3 48. Rd8+ Kc4 49. Rh4+ Kb3 50. Rb8+ Ka2 51. Rc4 Nd3 52.
Rc3 Ne1 53. h4 1-0

[Event "Dutch Open 2024"]
[Site "Velp, Netherlands"]
[Date "2024.07.29"]
[Round "6.10"]
[White "Labruyere, Roger"]
[Black "Vos, Tjark"]
[Result "1-0"]
[WhiteElo "2170"]
[BlackElo "2170"]
[PlyCount "57"]
[EventDate "2024.??.??"]

1. e4 c5 2. Nf3 e6 3. d4 cxd4 4. Nxd4 Nc6 5. Bf4 d6 6. Nxc6 bxc6 7. c4 e5 8.
Be3 Nf6 9. Nc3 Ng4 10. Bc1 Be7 11. Be2 Nf6 12. Be3 O-O 13. O-O Be6 14. b4 d5
15. cxd5 cxd5 16. exd5 Nxd5 17. Nxd5 Bxd5 18. Qa4 Qb8 19. Rfd1 Bb7 20. a3 Rc8
21. Rac1 a6 22. Qd7 Kf8 23. Qf5 Kg8 24. Bc4 Rf8 25. Qd7 Bf6 26. Bc5 Be4 27.
Bxf8 Qxf8 28. Bxa6 Bg5 29. Rc8 1-0

[Event "Dutch Open 2024"]
[Site "Velp, Netherlands"]
[Date "2024.07.29"]
[Round "6.11"]
[White "Buckels, Valentin"]
[Black "Schroeder, Lennart"]
[Result "1-0"]
[WhiteElo "2478"]
[BlackElo "2146"]
[PlyCount "81"]
[EventDate "2024.??.??"]

1. Nf3 Nf6 2. c4 c5 3. Nc3 Nc6 4. e3 g6 5. b3 Bg7 6. Bb2 O-O 7. d4 cxd4 8. Nxd4
d5 9. Be2 Nxd4 10. exd4 b6 11. O-O Bb7 12. Na4 Bc6 13. c5 Nd7 14. b4 Bxa4 15.
Qxa4 bxc5 16. bxc5 Nxc5 17. dxc5 Bxb2 18. Rab1 Bf6 19. Rb7 Rc8 20. Rd7 Qe8 21.
c6 e5 22. Bb5 e4 23. Qxa7 d4 24. c7 Be5 25. a4 Qe6 26. Qc5 Qf5 27. Qc6 e3 28.
fxe3 Qh5 29. g3 dxe3 30. Ba6 Qg5 31. Bxc8 e2 32. Ba6 Qe3+ 33. Kg2 exf1=Q+ 34.
Bxf1 Kg7 35. Qd5 Qc3 36. c8=Q Rxc8 37. Qxf7+ Kh6 38. Qxh7+ Kg5 39. Qh4+ Kf5 40.
Bd3+ Ke6 41. Qe7# 1-0

[Event "Dutch Open 2024"]
[Site "Velp, Netherlands"]
[Date "2024.07.29"]
[Round "6.12"]
[White "Stillger, Bernhard"]
[Black "Koster, Chiel"]
[Result "0-1"]
[WhiteElo "2263"]
[BlackElo "2058"]
[PlyCount "136"]
[EventDate "2024.??.??"]

1. Nf3 d5 2. g3 c6 3. Bg2 Bg4 4. h3 Bh5 5. d4 Nf6 6. O-O h6 7. Ne5 Nfd7 8. f4
f5 9. Nd2 Nxe5 10. fxe5 e6 11. Nf3 Be7 12. Be3 O-O 13. b3 a5 14. c4 Na6 15. Qd2
a4 16. c5 Nc7 17. b4 Nb5 18. Ne1 Kh7 19. Nd3 g5 20. Bf2 Rg8 21. e3 a3 22. Kh2
Qe8 23. Rac1 Qf7 24. Be1 Qg7 25. Nf2 Raf8 26. g4 Bg6 27. Nd1 h5 28. Nc3 Nxc3
29. Rxc3 hxg4 30. hxg4 Qh6+ 31. Kg1 Kg7 32. e4 fxg4 33. Rxf8 Rxf8 34. exd5 exd5
35. Bg3 Qh7 36. Qe2 Bf7 37. e6 Qb1+ 38. Qe1 Qxe1+ 39. Bxe1 Bxe6 40. Re3 Kf7 41.
Rxa3 Bf6 42. Bf2 Kg6 43. Rb3 Ra8 44. a3 Ra4 45. Bf1 Bf5 46. Be2 Ra8 47. Bd3
Bxd3 48. Rxd3 Kf5 49. Kg2 Rh8 50. a4 Rh3 51. Rg3 Rxg3+ 52. Kxg3 Ke4 53. b5 Bxd4
54. bxc6 bxc6 55. a5 Be5+ 56. Kxg4 d4 57. Kxg5 Bb8 58. Kf6 d3 59. Be1 Kd4 60.
Ke6 Kxc5 61. Kd7 Kb5 62. a6 Kb6 63. Bd2 c5 64. Bc3 Be5 65. Bd2 c4 66. Ke6 c3
67. Be3+ Kxa6 68. Kxe5 d2 0-1

[Event "Dutch Open 2024"]
[Site "Velp, Netherlands"]
[Date "2024.07.29"]
[Round "6.13"]
[White "Kazarjan, Gachatur"]
[Black "Dordevic, Tom"]
[Result "1-0"]
[WhiteElo "2174"]
[BlackElo "2133"]
[PlyCount "97"]
[EventDate "2024.??.??"]

1. e4 e5 2. Nf3 Nf6 3. d4 Nxe4 4. Bd3 Nc6 5. Nxe5 Nxe5 6. dxe5 Nc5 7. Bc4 d6 8.
Qf3 Ne6 9. Nc3 dxe5 10. Be3 Bd6 11. Bb5+ Bd7 12. Qxb7 O-O 13. Bxd7 Qxd7 14.
O-O-O Rab8 15. Qa6 Rfd8 16. f3 Qe7 17. Ne4 f5 18. Nxd6 cxd6 19. Qxa7 Qe8 20.
Qa5 Rb5 21. Qc3 Rc8 22. Qd3 f4 23. Bf2 Qc6 24. Rhe1 Nd8 25. Re2 Nf7 26. g3 fxg3
27. hxg3 Ra8 28. a3 Rab8 29. b4 Ra8 30. Kb2 d5 31. Qb3 Nd6 32. a4 Nc4+ 33. Kc1
Qa6 34. Rxe5 Nxe5 35. axb5 Qa1+ 36. Kd2 Nc4+ 37. Qxc4 Qxd1+ 38. Kxd1 dxc4 39.
Kd2 Kf7 40. Kc3 Rc8 41. Bc5 h5 42. b6 Ke6 43. Kxc4 g5 44. Kb5 Kd7 45. b7 Rg8
46. Kb6 Re8 47. Be3 h4 48. gxh4 gxh4 49. Bf4 1-0

[Event "Dutch Open 2024"]
[Site "Velp, Netherlands"]
[Date "2024.07.29"]
[Round "6.14"]
[White "Grooten, Tommy"]
[Black "Kurt, Sascha"]
[Result "1/2-1/2"]
[WhiteElo "2146"]
[BlackElo "2071"]
[PlyCount "141"]
[EventDate "2024.??.??"]

1. Nf3 Nf6 2. c4 g6 3. b4 Bg7 4. Bb2 d6 5. g3 a5 6. a3 axb4 7. axb4 Rxa1 8.
Bxa1 O-O 9. Bg2 c6 10. O-O d5 11. cxd5 cxd5 12. Qb3 Na6 13. Bxf6 Bxf6 14. d4
Qb6 15. Nc3 e6 16. b5 Nc7 17. e3 Bd7 18. Rb1 Ra8 19. Bf1 Qa5 20. Nd2 b6 21. Rb2
Qa3 22. Ra2 Qxb3 23. Rxa8+ Nxa8 24. Nxb3 Nc7 25. Na1 Be7 26. Nc2 f5 27. f4 Kf7
28. Kf2 Ke8 29. Ke1 Kd8 30. Kd1 Kc8 31. Kc1 Ne8 32. Kb2 Nd6 33. Kb3 Kc7 34. Ne1
Bf6 35. Bd3 Be8 36. Nf3 Nf7 37. h4 h5 38. Be2 Kb7 39. Ka4 Kc7 40. Ng5 Nxg5 41.
hxg5 Be7 42. Nb1 Bd6 43. Bf3 Bf7 44. Nc3 Kd7 45. Bg2 Bc7 46. Na2 Bd6 47. Bf3
Kc7 48. Nc1 Kd7 49. Nb3 Kc7 50. Be2 Be8 51. Bf1 Bf7 52. Bg2 Kd7 53. Bh1 Kc7 54.
Nc1 Kd7 55. Nd3 Kc7 56. Ne1 Kd7 57. Ng2 Ke7 58. Nh4 Kf8 59. Nf3 Ke7 60. Bg2 Be8
61. Ne5 Bxe5 62. dxe5 Bf7 63. Bf3 Kd7 64. Be2 Kc7 65. Bd3 Be8 66. Ka3 Kd8 67.
Ka2 Ke7 68. Ka1 Kf8 69. Kb2 Ke7 70. Kc3 Bd7 71. Kd4 1/2-1/2

[Event "Dutch Open 2024"]
[Site "Velp, Netherlands"]
[Date "2024.07.29"]
[Round "6.15"]
[White "Odendahl, Reiner"]
[Black "Hng, Mei-Xian Eunice"]
[Result "1-0"]
[WhiteElo "2274"]
[BlackElo "2036"]
[PlyCount "81"]
[EventDate "2024.??.??"]

1. Nf3 Nf6 2. g3 e6 3. Bg2 Be7 4. c4 c5 5. Nc3 a6 6. d4 cxd4 7. Nxd4 Qc7 8. O-O
O-O 9. Qd3 Nc6 10. b3 Ne5 11. Qd2 d6 12. Bb2 Bd7 13. Rac1 Rac8 14. e3 Qb8 15.
Qe2 Rfd8 16. Rfd1 h5 17. h3 g6 18. e4 Nc6 19. Nf3 Ne5 20. Nd4 Nc6 21. Nxc6 Bxc6
22. Nd5 Bxd5 23. exd5 e5 24. c5 Nd7 25. c6 Nc5 26. Rxc5 dxc5 27. cxb7 Qxb7 28.
d6 Qd7 29. Qxe5 f6 30. Bd5+ Kg7 31. Qxe7+ Qxe7 32. dxe7 Rd7 33. Re1 Re8 34. Bc4
Rexe7 35. Rxe7+ Rxe7 36. a4 a5 37. Bc3 Ra7 38. h4 Ra8 39. Kg2 Ra7 40. Kf3 Ra8
41. Ke4 1-0

[Event "Dutch Open 2024"]
[Site "Velp, Netherlands"]
[Date "2024.07.29"]
[Round "6.16"]
[White "Van Foreest, Machteld"]
[Black "Saketh, Pedagandham"]
[Result "1/2-1/2"]
[WhiteElo "2272"]
[BlackElo "2051"]
[PlyCount "127"]
[EventDate "2024.??.??"]

1. e4 e5 2. Nf3 Nc6 3. Nc3 Nf6 4. h3 d5 5. exd5 Nxd5 6. Bb5 Nxc3 7. bxc3 Bd6 8.
O-O O-O 9. d4 exd4 10. cxd4 h6 11. Bb2 Bf5 12. Bd3 Qf6 13. Rb1 Bxd3 14. Qxd3
Ne7 15. c4 Ng6 16. c5 Nf4 17. Qb3 Be7 18. Qxb7 c6 19. Ne5 Rfc8 20. Ng4 Qh4 21.
Rfe1 Bf6 22. Qd7 h5 23. Ne5 Qg5 24. g3 Bxe5 25. Rxe5 Qg6 26. Qf5 Nxh3+ 27. Kf1
Qxf5 28. Rxf5 g6 29. Re5 Re8 30. Rbe1 Rxe5 31. Rxe5 Rb8 32. Bc3 g5 33. Kg2 f6
34. Rf5 g4 35. Rxf6 Rb1 36. Re6 Rg1+ 37. Kh2 Rc1 38. Bd2 Rd1 39. Be1 Kf7 40.
Re5 Rxd4 41. Kg2 Rd1 42. Kf1 Ra1 43. Rxh5 Kg6 44. Rh8 Ng5 45. Ke2 Rxa2+ 46. Kd3
Ne6 47. Rc8 Nxc5+ 48. Ke3 Ra3+ 49. Ke2 Ra6 50. Rg8+ Kf5 51. Rf8+ Ke6 52. Bb4
Nd7 53. Re8+ Kf5 54. Bc3 c5 55. Kd3 Re6 56. Ra8 c4+ 57. Kd2 a6 58. Bd4 Ne5 59.
Kc3 Rc6 60. Rf8+ Rf6 61. Rc8 Ke4 62. Bxe5 Rf3+ 63. Kxc4 Kxe5 64. Re8+ 1/2-1/2

[Event "Dutch Open 2024"]
[Site "Velp, Netherlands"]
[Date "2024.07.29"]
[Round "6.17"]
[White "Aarav Sarbalia"]
[Black "Gortemaker, Lucas"]
[Result "1-0"]
[WhiteElo "2042"]
[BlackElo "2097"]
[PlyCount "107"]
[EventDate "2024.??.??"]

1. e4 c6 2. Nf3 d5 3. Nc3 Bg4 4. h3 Bxf3 5. Qxf3 e6 6. Be2 Bc5 7. O-O Ne7 8.
Na4 Bd6 9. d4 dxe4 10. Qxe4 Nd7 11. c4 Nf6 12. Qd3 Ng6 13. g3 Qc7 14. Rb1 O-O
15. h4 b5 16. cxb5 cxb5 17. Nc3 a6 18. Bg5 b4 19. Ne4 Nxe4 20. Qxe4 Qa5 21. Bc4
Be7 22. Be3 Bf6 23. Bb3 Ne7 24. Bf4 Qf5 25. Qxf5 Nxf5 26. d5 e5 27. Bd2 a5 28.
Bc4 Be7 29. Bd3 Nd4 30. Be3 Bc5 31. Rfc1 Nf3+ 32. Kg2 Bxe3 33. fxe3 Nd2 34. Ra1
e4 35. Be2 Rac8 36. Kf2 Rfd8 37. Ke1 Nf3+ 38. Bxf3 exf3 39. Kf2 f5 40. Rxc8
Rxc8 41. Kxf3 Kf7 42. Rd1 Ke7 43. d6+ Kd7 44. Rd5 Rc2 45. Rxf5 Rxb2 46. Rxa5
Kxd6 47. Ra7 g6 48. Kf4 Ke6 49. Rxh7 Rxa2 50. Rb7 Rb2 51. Kg5 b3 52. g4 Rb1 53.
Kxg6 b2 54. g5 1-0

[Event "Dutch Open 2024"]
[Site "Velp, Netherlands"]
[Date "2024.07.29"]
[Round "6.18"]
[White "Zecha, Oscar"]
[Black "Aravindhan, Achyuth"]
[Result "1/2-1/2"]
[WhiteElo "1999"]
[BlackElo "2094"]
[PlyCount "210"]
[EventDate "2024.??.??"]

1. e4 c5 2. Nf3 Nc6 3. d4 cxd4 4. c3 dxc3 5. Nxc3 e6 6. Bf4 Bb4 7. Qc2 d5 8.
exd5 exd5 9. O-O-O Nge7 10. Bd3 Be6 11. Nb5 Rc8 12. a3 Ne5 13. Bxe5 Rxc2+ 14.
Bxc2 Ba5 15. Nd6+ Kf8 16. Nxb7 Qb6 17. Nxa5 Qxa5 18. Ng5 Nc6 19. Bc3 Qb6 20.
Rhe1 Ke7 21. f4 d4 22. Bd2 Rb8 23. b4 d3 24. Bb3 Nd4 25. Nxe6 fxe6 26. Kb2 Qc6
27. Bc3 Nxb3 28. Kxb3 Qd5+ 29. Kb2 Qxg2+ 30. Rd2 Qf3 31. Rg1 g6 32. Rg3 Qxf4
33. Rgxd3 Qc7 34. Rh3 h5 35. Rg3 Rg8 36. Rf3 Rf8 37. Rg3 Rd8 38. Rc2 Qf4 39.
Rxg6 Rf8 40. Rg7+ Rf7 41. Rxf7+ Kxf7 42. Rd2 Ke7 43. Kc2 e5 44. Re2 e4 45. Bd2
Qf5 46. Re3 Qd5 47. h3 Kf6 48. Kd1 Ke5 49. Ke2 Qc4+ 50. Ke1 Kd4 51. Kf2 Qf7+
52. Ke2 a6 53. Bc3+ Kd5 54. Bd2 Qf4 55. Ke1 Qh2 56. Rc3 Kd4 57. Re3 Qg2 58. Rc3
Qh2 59. Re3 Qh1+ 60. Ke2 Qg2+ 61. Ke1 Qh2 62. Rc3 Qd6 63. Ke2 Qe6 64. Ke1 Qa2
65. Ke2 Qb2 66. Re3 Qc2 67. Ke1 Qc6 68. Ke2 Qe6 69. Rc3 Qd6 70. Ke1 Qh2 71. Re3
Qg1+ 72. Ke2 Qh2+ 73. Ke1 Qg2 74. Rc3 Qh1+ 75. Ke2 Qh2+ 76. Ke1 Qd6 77. Ke2 Ke5
78. Rc5+ Ke6 79. Rc3 Qd5 80. Ke1 Qd6 81. Ke2 Qh2+ 82. Ke1 Ke5 83. Re3 Kd4 84.
Rc3 Qg2 85. Re3 Qh1+ 86. Ke2 Qh2+ 87. Ke1 Qg1+ 88. Ke2 Qg2+ 89. Ke1 Qh2 90. Rc3
Qg2 91. Re3 Qg8 92. Rc3 Qa2 93. Ke2 Qe6 94. Ke1 Qd7 95. Ke2 Qb5+ 96. Ke1 Qf5
97. Ke2 Qe5 98. Ke1 Qh2 99. Re3 Qg1+ 100. Ke2 Qg2+ 101. Ke1 Qg1+ 102. Ke2 Qh2+
103. Ke1 Qg2 104. Rc3 Qg1+ 105. Ke2 Qg2+ 1/2-1/2

[Event "Dutch Open 2024"]
[Site "Velp, Netherlands"]
[Date "2024.07.29"]
[Round "6.19"]
[White "Bus, Tom"]
[Black "Van de Pavoordt, Max"]
[Result "0-1"]
[WhiteElo "2082"]
[BlackElo "2044"]
[PlyCount "66"]
[EventDate "2024.??.??"]

1. e4 e6 2. d4 d5 3. Nc3 Bb4 4. e5 Ne7 5. Bd2 b6 6. Nce2 Bxd2+ 7. Qxd2 Ba6 8.
h4 c5 9. h5 h6 10. g4 Nec6 11. Nf3 Nd7 12. c3 Qe7 13. Rg1 Rc8 14. Rc1 b5 15.
Nf4 Nb6 16. g5 cxd4 17. cxd4 Nc4 18. Bxc4 bxc4 19. gxh6 gxh6 20. Rg7 Qf8 21.
Rg3 Rb8 22. Nh4 Qb4 23. Rgc3 Qxb2 24. Qe3 Rg8 25. Nfg6 fxg6 26. hxg6 Rb7 27.
Qh3 Nxd4 28. Qg4 Qb6 29. Rd1 Nb5 30. Rf3 Re7 31. Rf6 Nc3 32. Nf5 exf5 33. Qxf5
Qb2 0-1

[Event "Dutch Open 2024"]
[Site "Velp, Netherlands"]
[Date "2024.07.29"]
[Round "6.20"]
[White "Smid, Jelle"]
[Black "Goudriaan, Rafael"]
[Result "1/2-1/2"]
[WhiteElo "2080"]
[BlackElo "2028"]
[PlyCount "88"]
[EventDate "2024.??.??"]

1. e4 e6 2. d4 d5 3. Bd3 dxe4 4. Bxe4 Nf6 5. Bf3 c5 6. Ne2 Be7 7. Nbc3 O-O 8.
O-O Nc6 9. Be3 cxd4 10. Nxd4 Bd7 11. Qe2 Qc8 12. Rad1 Nxd4 13. Bxd4 Bc6 14.
Rfe1 Rd8 15. Ne4 Nxe4 16. Bxe4 Bxe4 17. Qxe4 Qc7 18. c3 Bf6 19. Bxf6 Rxd1 20.
Rxd1 gxf6 21. Rd3 Qe5 22. Qxe5 fxe5 23. Rd7 b5 24. Kf1 a5 25. Ke2 Rc8 26. Kd3
Rc5 27. Kc2 b4 28. Kb3 bxc3 29. bxc3 Rd5 30. Rxd5 exd5 31. Ka4 f5 32. Kxa5 f4
33. Kb4 e4 34. Kb3 Kf7 35. Kc2 Ke6 36. f3 Kd6 37. Kd2 Kc5 38. a4 Kc4 39. g3
fxg3 40. hxg3 exf3 41. a5 Kb5 42. Ke3 Kxa5 43. Kxf3 Kb5 44. Ke3 Kc4 1/2-1/2

[Event "Dutch Open 2024"]
[Site "Velp, Netherlands"]
[Date "2024.07.29"]
[Round "6.21"]
[White "Wink, Luka"]
[Black "Van Foreest, Nanne"]
[Result "1-0"]
[WhiteElo "2066"]
[BlackElo "1985"]
[PlyCount "59"]
[EventDate "2024.??.??"]

1. e4 e5 2. Bc4 Nf6 3. d3 c6 4. Nf3 d5 5. Bb3 a5 6. a4 Bb4+ 7. c3 Bd6 8. exd5
cxd5 9. Bg5 Be6 10. Na3 Nc6 11. Nb5 Bb8 12. O-O O-O 13. Nd2 h6 14. Bh4 g5 15.
Bg3 Nh7 16. d4 e4 17. Bxb8 Rxb8 18. c4 Nf6 19. cxd5 Bxd5 20. Nc4 Rc8 21. Ncd6
Bxb3 22. Qxb3 Rb8 23. Rad1 Qd7 24. f3 e3 25. Qxe3 Nd5 26. Qe4 Ncb4 27. Rfe1 Nf4
28. g3 Nfd3 29. Rxd3 f5 30. Qe2 1-0

[Event "Dutch Open 2024"]
[Site "Velp, Netherlands"]
[Date "2024.07.29"]
[Round "6.22"]
[White "Krylov, Philippe"]
[Black "Van Kuijk, Vadim"]
[Result "0-1"]
[WhiteElo "1974"]
[BlackElo "2131"]
[PlyCount "76"]
[EventDate "2024.??.??"]

1. d4 d5 2. c4 c6 3. Nf3 Nf6 4. Nc3 e6 5. e3 Nbd7 6. Qc2 Bd6 7. Bd3 O-O 8. O-O
dxc4 9. Bxc4 b5 10. Be2 Bb7 11. Rd1 Qb8 12. e4 c5 13. e5 cxd4 14. exf6 dxc3 15.
fxg7 Rc8 16. Qd3 Bd5 17. bxc3 Nf6 18. Qd4 Ne4 19. Ng5 Bc5 20. Qd3 Bxf2+ 21. Kh1
Rxc3 22. Nxe4 Rxd3 23. Nf6+ Kxg7 24. Nh5+ Kf8 25. Bh6+ Kg8 26. Nf6+ Kh8 27.
Bxd3 Bd4 28. Nxd5 Bxa1 29. Ne3 Qe5 30. Ng4 Qh5 31. Be2 Bg7 32. Bf3 Rc8 33. Be3
Qg6 34. Bxa7 f5 35. Ne3 e5 36. Bb7 Re8 37. Bc5 f4 38. Nd5 Qc2 0-1

[Event "Dutch Open 2024"]
[Site "Velp, Netherlands"]
[Date "2024.07.29"]
[Round "6.23"]
[White "Smit, Manuel"]
[Black "Hng, Mei-En Emmanuelle"]
[Result "0-1"]
[WhiteElo "1969"]
[BlackElo "2144"]
[PlyCount "74"]
[EventDate "2024.??.??"]

1. e4 d6 2. d4 Nf6 3. f3 g6 4. Be3 Bg7 5. Qd2 c6 6. h4 Qb6 7. c4 Na6 8. Nc3 Qa5
9. Nh3 c5 10. d5 Bxh3 11. Rxh3 h5 12. Be2 Nc7 13. a3 a6 14. Rb1 Nd7 15. Qc1 b5
16. b4 Qb6 17. a4 bxc4 18. Bxc4 Bd4 19. Bxd4 cxd4 20. a5 Qa7 21. Na4 Rc8 22.
Bd3 O-O 23. Qd2 Nb5 24. Rc1 Rxc1+ 25. Qxc1 Ne5 26. f4 Nxd3+ 27. Rxd3 e5 28. f5
Qe7 29. Rh3 Kh7 30. Qd1 Rc8 31. Qf3 Rc1+ 32. Kf2 Nc3 33. fxg6+ fxg6 34. Nxc3
Rxc3 35. Qe2 d3 36. Qd1 Qa7+ 37. Re3 Rc2+ 0-1

[Event "Dutch Open 2024"]
[Site "Velp, Netherlands"]
[Date "2024.07.29"]
[Round "6.24"]
[White "Evengroen, Jan"]
[Black "Vosselman, Jan"]
[Result "1-0"]
[WhiteElo "2176"]
[BlackElo "2094"]
[PlyCount "183"]
[EventDate "2024.??.??"]

1. Nf3 f5 2. b4 e6 3. Bb2 Nf6 4. a3 b6 5. e3 Bb7 6. Be2 Be7 7. O-O O-O 8. c4 c5
9. bxc5 bxc5 10. d3 Nc6 11. Nbd2 Qc7 12. Qc2 Rab8 13. Rfd1 Nd8 14. Rab1 Nf7 15.
Nf1 Rfc8 16. N3d2 e5 17. Ng3 g6 18. Bf3 Bxf3 19. Nxf3 d6 20. Bc3 Qc6 21. Rb3
Nd7 22. Rdb1 Rxb3 23. Rxb3 Rb8 24. Nd2 Rxb3 25. Qxb3 Nb6 26. Ba5 Nd7 27. Ne2
Qa6 28. Bc3 Bd8 29. Kf1 Bc7 30. h3 Nb6 31. f3 Qa4 32. Kf2 Kf8 33. g4 fxg4 34.
hxg4 Ke7 35. Ng3 Qc6 36. Nge4 h5 37. g5 Qd7 38. Qd1 Qh3 39. Nf1 Nxg5 40. Nxg5
Qh4+ 41. Ng3 Qh2+ 42. Kf1 Qxg3 43. Ne4 Qh2 44. Be1 Nd7 45. Qa4 Qh1+ 46. Ke2
Qg2+ 47. Bf2 Bb8 48. Qc6 g5 49. Qc8 g4 50. fxg4 Qxg4+ 51. Ke1 Kf7 52. Qd8 d5
53. cxd5 c4 54. Ng5+ Kg6 55. Qg8+ Kf6 56. Ne4+ Ke7 57. Qxg4 hxg4 58. Bh4+ Kf7
59. dxc4 Nb6 60. Nd2 Bd6 61. Ke2 Bxa3 62. Kd3 a5 63. Bd8 Bc5 64. Ne4 g3 65.
Nxg3 a4 66. Bxb6 Bxb6 67. Ne4 a3 68. Nc3 Ke7 69. e4 Bd4 70. Kc2 Kd6 71. Kb3 Be3
72. Kxa3 Kc5 73. Kb3 Kd4 74. d6 Kc5 75. d7 Bg5 76. Nd5 Bd8 77. Kc3 Ba5+ 78. Kd3
Kd6 79. Nf6 Bc7 80. Kc3 Bd8 81. Ng4 Bc7 82. Kb4 Kxd7 83. Kc5 Ke6 84. Kc6 Ba5
85. c5 Bc3 86. Kb7 Ba5 87. Ne3 Bd8 88. Nd5 Ba5 89. c6 Kd6 90. c7 Bxc7 91. Nxc7
Kc5 92. Ne8 1-0

[Event "Dutch Open 2024"]
[Site "Velp, Netherlands"]
[Date "2024.07.29"]
[Round "6.25"]
[White "Blok, Xaveer"]
[Black "Op den Dries, Johan"]
[Result "0-1"]
[WhiteElo "1885"]
[BlackElo "2120"]
[PlyCount "52"]
[EventDate "2024.??.??"]

1. e4 d5 2. exd5 Nf6 3. d4 Nxd5 4. Nf3 Bg4 5. c4 Bxf3 6. Qxf3 Nb4 7. Qb3 N8c6
8. Be3 Nxd4 9. Bxd4 Qxd4 10. Qxb4 Qe4+ 11. Be2 Qxg2 12. Rf1 O-O-O 13. Nd2 Qxh2
14. O-O-O e6 15. c5 Qe5 16. Bf3 Qxc5+ 17. Qxc5 Bxc5 18. Ne4 Rxd1+ 19. Bxd1 Be7
20. Rg1 g6 21. Kd2 Rd8+ 22. Ke2 h5 23. Ng5 Bxg5 24. Rxg5 Kd7 25. Ke3 Ke7 26. f4
Rxd1 0-1